[Event "DEM U10 2025"]
[Site "Willingen GER"]
[Date "2025.06.08"]
[Round "1"]
[White "Ni, Wilhelm Zeyin"]
[Black "Solar, Mavi"]
[Result "1-0"]
[Termination "normal"]
[Board "16"]
[WhiteElo "1654"]
[BlackElo "1297"]
[WhiteClock "01:17:03"]
[BlackClock "00:08:57"]
[PlyCount "113"]
[WhiteFideId "34675337"]
[BlackFideId "533008973"]
[EventCountry "GER"]
[EventRounds "9"]
[EventType "swiss"]
[EventDate "2025.06.07"]

1. e4 {[%clk 01:30:58]} {[%emt 00:00:02]} e6 {[%clk 01:30:54]} {[%emt
00:00:07]} 2. d4 {[%clk 01:31:17]} {[%emt 00:00:10]} d5 {[%clk 01:31:18]}
{[%emt 00:00:06]} 3. e5 {[%clk 01:31:42]} {[%emt 00:00:06]} c5 {[%clk
01:31:40]} {[%emt 00:00:08]} 4. c3 {[%clk 01:32:06]} {[%emt 00:00:06]} Nc6
{[%clk 01:32:04]} {[%emt 00:00:06]} 5. Nf3 {[%clk 01:32:26]} {[%emt 00:00:10]}
Qb6 {[%clk 01:28:19]} {[%emt 00:04:15]} 6. Bd3 {[%clk 01:32:40]} {[%emt
00:00:16]} Bd7 {[%clk 01:28:32]} {[%emt 00:00:17]} 7. O-O {[%clk 01:32:19]}
{[%emt 00:00:51]} cxd4 {[%clk 01:28:34]} {[%emt 00:00:28]} 8. cxd4 {[%clk
01:32:38]} {[%emt 00:00:11]} Nxd4 {[%clk 01:28:13]} {[%emt 00:00:51]} 9. Nxd4
{[%clk 01:32:59]} {[%emt 00:00:09]} Qxd4 {[%clk 01:28:30]} {[%emt 00:00:13]}
10. Nc3 {[%clk 01:33:15]} {[%emt 00:00:14]} Qxe5 {[%clk 01:27:11]} {[%emt
00:01:48]} 11. Re1 {[%clk 01:33:38]} {[%emt 00:00:08]} Qd6 {[%clk 01:26:30]}
{[%emt 00:01:12]} 12. Qf3 {[%clk 01:33:14]} {[%emt 00:00:54]} Nf6 {[%clk
01:22:58]} {[%emt 00:04:01]} 13. Bg5 {[%clk 01:31:40]} {[%emt 00:02:03]} Be7
{[%clk 01:22:18]} {[%emt 00:01:11]} 14. Bxf6 {[%clk 01:28:21]} {[%emt
00:03:48]} Bxf6 {[%clk 01:21:02]} {[%emt 00:01:45]} 15. Nxd5 {[%clk 01:26:01]}
{[%emt 00:02:52]} Bxb2 {[%clk 01:15:46]} {[%emt 00:05:46]} 16. Rab1 {[%clk
01:26:03]} {[%emt 00:00:28]} Bc6 {[%clk 01:15:00]} {[%emt 00:01:16]} 17. Rxb2
{[%clk 01:24:08]} {[%emt 00:02:25]} Bxd5 {[%clk 01:12:48]} {[%emt 00:02:41]}
18. Bb5+ {[%clk 01:20:31]} {[%emt 00:04:08]} Ke7 {[%clk 00:57:01]} {[%emt
00:16:17]} 19. Qg4 {[%clk 01:15:45]} {[%emt 00:05:16]} g6 {[%clk 00:52:49]}
{[%emt 00:04:42]} 20. Bc4 {[%clk 01:14:12]} {[%emt 00:02:03]} f6 {[%clk
00:43:47]} {[%emt 00:09:32]} 21. Bxd5 {[%clk 01:13:16]} {[%emt 00:01:26]} Qxd5
{[%emt 00:03:38]} 22. Qb4+ {[%clk 01:12:52]} Ke8 {[%clk 00:38:18]} {[%emt
00:03:45]} 23. Qxb7 {[%clk 01:12:00]} {[%emt 00:01:22]} Qxb7 {[%clk 00:38:06]}
{[%emt 00:00:42]} 24. Rxb7 {[%clk 01:12:24]} {[%emt 00:00:06]} e5 {[%clk
00:36:50]} {[%emt 00:01:46]} 25. f4 {[%clk 01:12:15]} {[%emt 00:00:39]} Kd8
{[%clk 00:12:52]} {[%emt 00:24:27]} 26. fxe5 {[%clk 01:12:32]} {[%emt
00:00:12]} Kc8 {[%clk 00:11:54]} {[%emt 00:01:29]} 27. Rf7 {[%clk 01:12:38]}
{[%emt 00:00:24]} fxe5 {[%clk 00:11:14]} {[%emt 00:01:11]} 28. Rxe5 {[%clk
01:12:51]} {[%emt 00:00:16]} a6 {[%clk 00:09:01]} {[%emt 00:02:43]} 29. h3
{[%clk 01:10:51]} {[%emt 00:02:30]} Kb8 {[%clk 00:03:27]} {[%emt 00:06:04]} 30.
Ree7 {[%clk 01:11:01]} {[%emt 00:00:20]} h6 {[%clk 00:03:40]} {[%emt 00:00:18]}
31. Rf6 {[%clk 01:10:41]} {[%emt 00:00:50]} g5 {[%clk 00:03:23]} {[%emt
00:00:46]} 32. Ree6 {[%clk 01:10:16]} {[%emt 00:00:55]} h5 {[%clk 00:02:51]}
{[%emt 00:01:03]} 33. Rxa6 {[%clk 01:10:38]} {[%emt 00:00:08]} Rxa6 {[%clk
00:03:15]} {[%emt 00:00:06]} 34. Rxa6 {[%clk 01:11:02]} {[%emt 00:00:06]} Kb7
{[%clk 00:03:33]} {[%emt 00:00:12]} 35. Ra5 {[%clk 01:11:09]} {[%emt 00:00:24]}
g4 {[%clk 00:03:43]} {[%emt 00:00:20]} 36. hxg4 {[%clk 01:11:33]} {[%emt
00:00:05]} hxg4 {[%emt 00:00:48]} 37. Kf2 {[%clk 01:10:39]} {[%emt 00:01:21]}
Rg8 {[%clk 00:03:34]} {[%emt 00:00:24]} 38. Kg3 {[%clk 01:10:48]} {[%emt
00:00:22]} Kb6 {[%clk 00:03:20]} {[%emt 00:00:44]} 39. Ra4 {[%clk 01:11:09]}
{[%emt 00:00:09]} Kb5 {[%clk 00:03:18]} {[%emt 00:00:32]} 40. Rxg4 {[%clk
01:11:27]} {[%emt 00:00:12]} Rxg4+ {[%clk 00:03:37]} {[%emt 00:00:10]} 41. Kxg4
{[%clk 01:11:49]} {[%emt 00:00:09]} Ka4 {[%clk 00:03:58]} {[%emt 00:00:09]} 42.
Kf5 {[%clk 01:12:11]} {[%emt 00:00:08]} Ka3 {[%clk 00:04:21]} {[%emt 00:00:07]}
43. g4 {[%clk 01:12:36]} {[%emt 00:00:04]} Kxa2 {[%clk 00:04:42]} {[%emt
00:00:09]} 44. g5 {[%clk 01:13:02]} {[%emt 00:00:05]} Kb3 {[%clk 00:05:04]}
{[%emt 00:00:08]} 45. g6 {[%clk 01:13:20]} {[%emt 00:00:11]} Kc4 {[%clk
00:05:23]} {[%emt 00:00:12]} 46. g7 {[%clk 01:13:44]} {[%emt 00:00:07]} Kd4
{[%clk 00:05:47]} {[%emt 00:00:07]} 47. g8=Q {[%clk 01:13:54]} {[%emt
00:00:19]} Kd3 {[%clk 00:06:08]} {[%emt 00:00:09]} 48. Qg4 {[%clk 01:14:12]}
{[%emt 00:00:11]} Kc3 {[%clk 00:06:29]} {[%emt 00:00:11]} 49. Qe4 {[%clk
01:14:33]} {[%emt 00:00:08]} Kb3 {[%clk 00:06:42]} {[%emt 00:00:17]} 50. Qd4
{[%clk 01:14:48]} {[%emt 00:00:15]} Kc2 {[%clk 00:06:57]} {[%emt 00:00:15]} 51.
Qe3 {[%clk 01:15:10]} {[%emt 00:00:08]} Kb2 {[%clk 00:07:17]} {[%emt 00:00:09]}
52. Qd3 {[%clk 01:15:33]} {[%emt 00:00:07]} Ka1 {[%clk 00:07:32]} {[%emt
00:00:15]} 53. Qd2 {[%clk 01:15:57]} {[%emt 00:00:07]} Kb1 {[%clk 00:07:53]}
{[%emt 00:00:09]} 54. Ke4 {[%clk 01:16:22]} {[%emt 00:00:05]} Ka1 {[%clk
00:08:16]} {[%emt 00:00:06]} 55. Kd3 {[%clk 01:16:46]} {[%emt 00:00:06]} Kb1
{[%clk 00:08:38]} {[%emt 00:00:09]} 56. Kc3 {[%clk 01:17:10]} {[%emt 00:00:06]}
Ka1 {[%clk 00:08:57]} {[%emt 00:00:10]} 57. Qb2# {[%clk 01:17:03]} {[%emt
00:00:05]} 1-0

[Event "DEM U10 2025"]
[Site "Willingen GER"]
[Date "2025.06.08"]
[Round "1"]
[White "Nabe, Sebastian"]
[Black "Schmidt, Alexander Nadvid"]
[Result "1/2-1/2"]
[Termination "normal"]
[Board "17"]
[WhiteElo "1467"]
[BlackElo "1565"]
[WhiteClock "00:12:19"]
[BlackClock "00:53:10"]
[PlyCount "118"]
[WhiteFideId "533011079"]
[BlackFideId "34661360"]
[EventCountry "GER"]
[EventRounds "9"]
[EventType "swiss"]
[EventDate "2025.06.07"]

1. e4 {[%clk 01:30:47]} {[%emt 00:00:12]} c5 {[%clk 01:30:48]} {[%emt
00:00:13]} 2. Nf3 {[%clk 01:30:16]} {[%emt 00:01:00]} Nc6 {[%clk 01:31:09]}
{[%emt 00:00:09]} 3. d4 {[%clk 01:29:01]} {[%emt 00:01:45]} cxd4 {[%clk
01:31:31]} {[%emt 00:00:08]} 4. Nxd4 {[%clk 01:27:35]} {[%emt 00:01:55]} Qb6
{[%clk 01:31:52]} {[%emt 00:00:10]} 5. Nxc6 {[%clk 01:26:28]} {[%emt 00:01:37]}
bxc6 {[%clk 01:31:45]} {[%emt 00:00:37]} 6. Nc3 {[%clk 01:25:36]} {[%emt
00:01:21]} e5 {[%clk 01:31:40]} {[%emt 00:00:36]} 7. Bc4 {[%clk 01:23:30]}
{[%emt 00:02:34]} Nf6 {[%clk 01:31:19]} {[%emt 00:00:53]} 8. Qe2 {[%clk
01:18:28]} {[%emt 00:05:33]} Bb4 {[%clk 01:29:53]} {[%emt 00:01:56]} 9. Bd2
{[%clk 01:14:49]} {[%emt 00:04:10]} O-O {[%clk 01:25:19]} {[%emt 00:05:03]} 10.
a3 {[%clk 01:11:56]} {[%emt 00:03:23]} Bxc3 {[%clk 01:23:52]} {[%emt 00:01:58]}
11. Bxc3 {[%clk 01:11:50]} {[%emt 00:00:35]} d5 {[%clk 01:24:00]} {[%emt
00:00:23]} 12. exd5 {[%clk 01:10:51]} {[%emt 00:01:29]} cxd5 {[%clk 01:24:11]}
{[%emt 00:00:19]} 13. Bb3 {[%clk 01:10:03]} {[%emt 00:01:17]} Ba6 {[%clk
01:23:52]} {[%emt 00:00:48]} 14. Qf3 {[%clk 01:00:44]} {[%emt 00:09:51]} d4
{[%clk 01:22:31]} {[%emt 00:01:50]} 15. Bb4 {[%clk 00:57:59]} {[%emt 00:03:16]}
Rfe8 {[%clk 01:22:22]} {[%emt 00:00:38]} 16. O-O-O {[%clk 00:53:26]} {[%emt
00:05:04]} e4 {[%clk 01:20:51]} {[%emt 00:02:01]} 17. Qf5 {[%clk 00:51:30]}
{[%emt 00:02:19]} d3 {[%clk 01:19:52]} {[%emt 00:01:35]} 18. Qc5 {[%clk
00:48:02]} {[%emt 00:03:54]} Qxc5 {[%clk 01:15:46]} {[%emt 00:04:40]} 19. Bxc5
{[%clk 00:45:29]} {[%emt 00:03:03]} Rec8 {[%clk 01:13:45]} {[%emt 00:02:31]}
20. Bb4 {[%clk 00:43:16]} {[%emt 00:02:39]} dxc2 {[%clk 01:13:56]} {[%emt
00:00:24]} 21. Bxc2 {[%clk 00:40:17]} {[%emt 00:03:24]} Bd3 {[%clk 01:13:21]}
{[%emt 00:01:11]} 22. Bc3 {[%clk 00:38:54]} {[%emt 00:01:52]} Bc4 {[%clk
01:08:14]} {[%emt 00:05:36]} 23. h3 {[%clk 00:33:36]} {[%emt 00:05:49]} Rab8
{[%clk 01:07:29]} {[%emt 00:01:16]} 24. Rhe1 {[%clk 00:32:49]} {[%emt
00:01:16]} Rb6 {[%clk 01:06:18]} {[%emt 00:01:39]} 25. Bxe4 {[%clk 00:31:50]}
{[%emt 00:01:30]} Nxe4 {[%clk 01:05:27]} {[%emt 00:01:21]} 26. Rxe4 {[%clk
00:31:43]} {[%emt 00:00:38]} Be6 {[%clk 01:03:36]} {[%emt 00:02:20]} 27. Red4
{[%clk 00:31:42]} {[%emt 00:00:28]} f6 {[%clk 01:02:43]} {[%emt 00:01:26]} 28.
g4 {[%clk 00:30:02]} {[%emt 00:02:11]} Rbc6 {[%clk 01:01:42]} {[%emt 00:01:30]}
29. Rd8+ {[%clk 00:29:31]} {[%emt 00:01:02]} Kf7 {[%clk 01:00:16]} {[%emt
00:01:56]} 30. Rxc8 {[%clk 00:28:18]} {[%emt 00:01:43]} Rxc8 {[%clk 01:00:21]}
{[%emt 00:00:25]} 31. f4 {[%clk 00:28:22]} {[%emt 00:00:26]} g6 {[%clk
01:00:31]} {[%emt 00:00:20]} 32. Kd2 {[%clk 00:27:10]} {[%emt 00:01:39]} Rc4
{[%clk 00:59:48]} {[%emt 00:01:16]} 33. Ke3 {[%clk 00:27:03]} {[%emt 00:00:37]}
Rc7 {[%clk 00:58:53]} {[%emt 00:01:24]} 34. Rd6 {[%clk 00:26:19]} {[%emt
00:01:05]} Re7 {[%clk 00:56:43]} {[%emt 00:02:48]} 35. Kf3 {[%clk 00:26:19]}
{[%emt 00:00:32]} Rd7 {[%clk 00:56:22]} {[%emt 00:00:51]} 36. Rxd7+ {[%clk
00:24:03]} {[%emt 00:02:47]} Bxd7 {[%clk 00:56:44]} {[%emt 00:00:09]} 37. Ke3
{[%clk 00:23:38]} {[%emt 00:00:51]} f5 {[%clk 00:55:50]} {[%emt 00:01:27]} 38.
g5 {[%clk 00:20:47]} {[%emt 00:03:22]} Ke6 {[%clk 00:55:29]} {[%emt 00:00:50]}
39. Kd4 {[%emt 00:01:21]} a6 {[%clk 00:55:49]} {[%emt 00:00:09]} 40. Kc5 {[%clk
00:20:02]} {[%emt 00:00:22]} Bb5 {[%clk 00:55:43]} {[%emt 00:00:39]} 41. h4
{[%clk 00:20:18]} {[%emt 00:00:14]} Be2 {[%clk 00:55:08]} {[%emt 00:01:05]} 42.
b4 {[%clk 00:19:49]} {[%emt 00:00:58]} Kd7 {[%clk 00:55:28]} {[%emt 00:00:12]}
43. Be5 {[%clk 00:19:51]} {[%emt 00:00:26]} Bd3 {[%clk 00:53:04]} {[%emt
00:02:55]} 44. a4 {[%clk 00:19:17]} {[%emt 00:01:04]} Kc8 {[%clk 00:51:11]}
{[%emt 00:02:23]} 45. Kb6 {[%clk 00:16:24]} {[%emt 00:03:23]} Be2 {[%clk
00:51:23]} {[%emt 00:00:18]} 46. b5 {[%clk 00:16:31]} {[%emt 00:00:21]} axb5
{[%clk 00:51:39]} {[%emt 00:00:16]} 47. axb5 {[%clk 00:16:46]} {[%emt
00:00:14]} Bf3 {[%clk 00:52:01]} {[%emt 00:00:09]} 48. Kc5 {[%clk 00:15:00]}
{[%emt 00:02:16]} Kb7 {[%clk 00:50:42]} {[%emt 00:01:49]} 49. Kd6 {[%clk
00:12:45]} {[%emt 00:02:43]} Kb6 {[%clk 00:50:44]} {[%emt 00:00:31]} 50. Ke6
{[%clk 00:12:52]} {[%emt 00:00:22]} Kxb5 {[%clk 00:51:08]} {[%emt 00:00:07]}
51. Kf7 {[%clk 00:13:01]} {[%emt 00:00:17]} Kb4 {[%clk 00:51:33]} {[%emt
00:00:09]} 52. Kg7 {[%clk 00:13:06]} {[%emt 00:00:23]} Kc4 {[%clk 00:51:55]}
{[%emt 00:00:10]} 53. Kxh7 {[%clk 00:13:14]} {[%emt 00:00:21]} Bh5 {[%clk
00:52:16]} {[%emt 00:00:10]} 54. Kg7 {[%clk 00:12:32]} {[%emt 00:01:11]} Kd3
{[%clk 00:52:02]} {[%emt 00:00:44]} 55. Kf6 {[%clk 00:12:25]} {[%emt 00:00:38]}
Ke3 {[%clk 00:52:07]} {[%emt 00:00:25]} 56. Bd6 {[%clk 00:12:10]} {[%emt
00:00:41]} Kf3 {[%clk 00:52:16]} {[%emt 00:00:24]} 57. Ke5 {[%clk 00:12:17]}
{[%emt 00:00:25]} Kg4 {[%clk 00:52:35]} {[%emt 00:00:11]} 58. Bb4 {[%clk
00:12:34]} {[%emt 00:00:12]} Kxh4 {[%clk 00:52:56]} {[%emt 00:00:09]} 59. Kd4
{[%clk 00:12:19]} {[%emt 00:00:43]} Kg3 {[%clk 00:53:10]} {[%emt 00:00:18]}
1/2-1/2

[Event "DEM U10 2025"]
[Site "Willingen GER"]
[Date "2025.06.08"]
[Round "1"]
[White "Mitin, Maximilian"]
[Black "Fendel, Arsenij"]
[Result "1-0"]
[Termination "normal"]
[Board "18"]
[WhiteElo "1714"]
[BlackElo "1279"]
[WhiteClock "01:25:45"]
[BlackClock "00:47:13"]
[PlyCount "95"]
[WhiteFideId "533034281"]
[BlackFideId "533009635"]
[EventCountry "GER"]
[EventRounds "9"]
[EventType "swiss"]
[EventDate "2025.06.07"]

1. d4 {[%clk 01:30:56]} Nf6 {[%clk 01:30:40]} {[%emt 00:00:21]} 2. c4 {[%clk
01:30:29]} {[%emt 00:00:57]} e6 {[%clk 01:30:28]} {[%emt 00:00:41]} 3. Nc3
{[%clk 01:29:30]} {[%emt 00:01:28]} d5 {[%clk 01:30:46]} {[%emt 00:00:13]} 4.
Nf3 {[%clk 01:29:00]} {[%emt 00:01:01]} Bb4 {[%clk 01:20:50]} {[%emt 00:10:26]}
5. a3 {[%clk 01:29:10]} {[%emt 00:00:21]} Bxc3+ {[%clk 01:20:41]} {[%emt
00:00:38]} 6. bxc3 {[%clk 01:29:33]} {[%emt 00:00:07]} Nc6 {[%clk 01:19:50]}
{[%emt 00:01:20]} 7. e3 {[%clk 01:29:03]} {[%emt 00:01:01]} Bd7 {[%clk
01:19:00]} {[%emt 00:01:20]} 8. cxd5 {[%clk 01:28:45]} {[%emt 00:00:47]} exd5
{[%emt 00:01:11]} 9. Bd3 {[%clk 01:28:45]} {[%emt 00:00:12]} Ne7 {[%clk
01:16:50]} {[%emt 00:02:06]} 10. Qc2 {[%clk 01:29:29]} {[%emt 00:00:16]} Ng6
{[%clk 01:14:50]} {[%emt 00:02:30]} 11. Bxg6 {[%clk 01:29:21]} {[%emt
00:02:00]} hxg6 {[%clk 01:14:23]} {[%emt 00:00:56]} 12. Qb3 {[%clk 01:29:25]}
{[%emt 00:00:26]} Bc6 {[%clk 01:12:07]} {[%emt 00:02:46]} 13. Ne5 {[%clk
01:29:11]} {[%emt 00:00:44]} Qd6 {[%clk 01:10:00]} {[%emt 00:02:38]} 14. f3
{[%clk 01:29:11]} {[%emt 00:00:31]} Nd7 {[%clk 01:08:52]} {[%emt 00:01:35]} 15.
Nxc6 {[%clk 01:29:03]} {[%emt 00:00:40]} Qxc6 {[%clk 01:09:04]} {[%emt
00:00:17]} 16. O-O {[%clk 01:29:01]} {[%emt 00:00:32]} O-O {[%clk 01:08:47]}
{[%emt 00:00:47]} 17. Rb1 {[%clk 01:29:02]} {[%emt 00:00:30]} b6 {[%clk
01:06:38]} {[%emt 00:02:39]} 18. Kf2 {[%clk 01:28:13]} {[%emt 00:01:19]} Kh7
{[%clk 01:04:42]} {[%emt 00:02:26]} 19. Rh1 {[%clk 01:28:08]} {[%emt 00:00:35]}
Rh8 {[%clk 01:04:11]} {[%emt 00:01:01]} 20. Bd2 {[%clk 01:28:04]} {[%emt
00:00:33]} Kg8 {[%clk 01:04:10]} {[%emt 00:00:31]} 21. g4 {[%clk 01:28:17]}
{[%emt 00:00:17]} Qd6 {[%clk 01:02:04]} {[%emt 00:02:37]} 22. h4 {[%clk
01:28:26]} {[%emt 00:00:20]} g5 {[%clk 01:00:55]} {[%emt 00:01:39]} 23. h5
{[%clk 01:26:48]} {[%emt 00:02:08]} c6 {[%clk 00:57:57]} {[%emt 00:03:29]} 24.
c4 {[%clk 01:26:03]} {[%emt 00:01:15]} Kh7 {[%clk 00:55:28]} {[%emt 00:02:58]}
25. cxd5 {[%clk 01:26:17]} {[%emt 00:00:17]} cxd5 {[%clk 00:55:50]} {[%emt
00:00:08]} 26. Bb4 {[%clk 01:26:37]} {[%emt 00:00:10]} Qe6 {[%clk 00:55:24]}
{[%emt 00:00:56]} 27. Qd3+ {[%clk 01:25:32]} {[%emt 00:01:35]} Kg8 {[%clk
00:53:46]} {[%emt 00:02:07]} 28. Rbe1 {[%clk 01:25:25]} {[%emt 00:00:37]} Rh6
{[%clk 00:52:38]} {[%emt 00:01:38]} 29. e4 {[%clk 01:25:20]} {[%emt 00:00:35]}
Rc8 {[%clk 00:49:28]} {[%emt 00:03:39]} 30. exd5 {[%emt 00:01:33]} Qxd5 {[%clk
00:49:43]} {[%emt 00:00:13]} 31. Re2 {[%clk 01:24:20]} {[%emt 00:00:29]} f6
{[%clk 00:49:13]} {[%emt 00:00:59]} 32. Rhe1 {[%clk 01:24:38]} {[%emt
00:00:14]} Ne5 {[%clk 00:49:15]} {[%emt 00:00:27]} 33. Qf5 {[%clk 01:24:23]}
{[%emt 00:00:46]} Qxd4+ {[%clk 00:49:25]} {[%emt 00:00:20]} 34. Kg2 {[%clk
01:24:01]} {[%emt 00:00:52]} Rd8 {[%clk 00:49:08]} {[%emt 00:00:46]} 35. Rd2
{[%clk 01:23:59]} {[%emt 00:00:34]} Qxd2+ {[%clk 00:48:12]} {[%emt 00:01:26]}
36. Bxd2 {[%clk 01:24:12]} {[%emt 00:00:17]} Rxd2+ {[%clk 00:48:25]} {[%emt
00:00:16]} 37. Kf1 {[%clk 01:23:36]} {[%emt 00:01:07]} g6 {[%clk 00:48:44]}
{[%emt 00:00:11]} 38. Qxf6 {[%clk 01:23:48]} {[%emt 00:00:17]} Rh7 {[%clk
00:46:53]} {[%emt 00:02:21]} 39. Qxe5 {[%clk 01:23:15]} {[%emt 00:01:04]} Rf7
{[%clk 00:46:21]} {[%emt 00:01:01]} 40. Qe8+ {[%clk 01:23:30]} {[%emt
00:00:15]} Rf8 {[%clk 00:45:42]} {[%emt 00:01:09]} 41. Qxg6+ {[%clk 01:23:53]}
{[%emt 00:00:08]} Kh8 {[%clk 00:45:40]} {[%emt 00:00:31]} 42. Qh6+ {[%clk
01:24:16]} {[%emt 00:00:06]} Kg8 {[%clk 00:46:03]} {[%emt 00:00:08]} 43. Qxg5+
{[%clk 01:24:35]} {[%emt 00:00:12]} Kh8 {[%clk 00:46:09]} {[%emt 00:00:24]} 44.
Qxd2 {[%clk 01:24:50]} {[%emt 00:00:14]} Rxf3+ {[%clk 00:46:16]} {[%emt
00:00:24]} 45. Kg2 {[%clk 01:25:12]} {[%emt 00:00:07]} Rxa3 {[%clk 00:46:36]}
{[%emt 00:00:08]} 46. Qh6+ {[%clk 01:25:32]} {[%emt 00:00:13]} Kg8 {[%clk
00:46:59]} {[%emt 00:00:07]} 47. Re8+ {[%clk 01:25:56]} {[%emt 00:00:06]} Kf7
{[%clk 00:47:13]} {[%emt 00:00:16]} 48. Qg6# {[%clk 01:25:45]} {[%emt
00:00:06]} 1-0

[Event "DEM U10 2025"]
[Site "Willingen GER"]
[Date "2025.06.08"]
[Round "1"]
[White "Laß, Matteo"]
[Black "Chanishvili, Noa"]
[Result "1/2-1/2"]
[Termination "normal"]
[Board "19"]
[WhiteElo "1277"]
[BlackElo "1552"]
[WhiteClock "01:15:08"]
[BlackClock "00:58:33"]
[PlyCount "63"]
[WhiteFideId "533019940"]
[BlackFideId "34698264"]
[EventCountry "GER"]
[EventRounds "9"]
[EventType "swiss"]
[EventDate "2025.06.07"]

1. e4 {[%clk 01:30:58]} {[%emt 00:00:01]} c6 {[%clk 01:30:49]} {[%emt
00:00:11]} 2. d4 {[%clk 01:31:15]} {[%emt 00:00:12]} d5 {[%clk 01:31:07]}
{[%emt 00:00:12]} 3. e5 {[%clk 01:31:20]} {[%emt 00:00:26]} Bf5 {[%clk
01:31:17]} {[%emt 00:00:20]} 4. h4 {[%clk 01:30:59]} {[%emt 00:00:51]} h6
{[%clk 01:31:14]} {[%emt 00:00:32]} 5. g4 {[%clk 01:30:53]} {[%emt 00:00:37]}
Be4 {[%clk 01:30:49]} {[%emt 00:00:56]} 6. f3 {[%clk 01:30:48]} {[%emt
00:00:34]} Bg6 {[%clk 01:30:53]} {[%emt 00:00:25]} 7. h5 {[%clk 01:30:51]}
{[%emt 00:00:27]} Bh7 {[%clk 01:31:09]} {[%emt 00:00:14]} 8. e6 {[%clk
01:30:44]} {[%emt 00:00:38]} Nf6 {[%clk 01:30:00]} {[%emt 00:01:39]} 9. Nc3
{[%clk 01:30:21]} {[%emt 00:00:53]} Qc7 {[%clk 01:29:01]} {[%emt 00:01:29]} 10.
exf7+ {[%clk 01:29:39]} {[%emt 00:01:12]} Kxf7 {[%clk 01:28:40]} {[%emt
00:00:50]} 11. Bd3 {[%clk 01:29:29]} {[%emt 00:00:40]} Qg3+ {[%clk 01:28:36]}
{[%emt 00:00:33]} 12. Kf1 {[%clk 01:29:27]} {[%emt 00:00:33]} e6 {[%clk
01:24:57]} {[%emt 00:04:09]} 13. Bxh7 {[%clk 01:26:58]} {[%emt 00:02:58]} Nxh7
{[%clk 01:23:54]} {[%emt 00:01:34]} 14. Qd3 {[%clk 01:25:50]} {[%emt 00:01:38]}
Nf6 {[%clk 01:22:56]} {[%emt 00:01:27]} 15. Qg6+ {[%clk 01:25:23]} {[%emt
00:00:56]} Kg8 {[%clk 01:21:45]} {[%emt 00:01:42]} 16. Nce2 {[%clk 01:24:54]}
{[%emt 00:00:55]} Qc7 {[%clk 01:21:52]} {[%emt 00:00:25]} 17. Nf4 {[%clk
01:24:49]} {[%emt 00:00:36]} Qf7 {[%clk 01:21:34]} {[%emt 00:00:49]} 18. Bd2
{[%clk 01:24:00]} {[%emt 00:01:19]} Bd6 {[%clk 01:21:11]} {[%emt 00:00:53]} 19.
Qxf7+ {[%clk 01:21:50]} {[%emt 00:02:40]} Kxf7 {[%clk 01:21:32]} {[%emt
00:00:10]} 20. Ngh3 {[%clk 01:21:01]} {[%emt 00:01:19]} Re8 {[%clk 01:17:51]}
{[%emt 00:04:11]} 21. Bc3 {[%clk 01:19:27]} {[%emt 00:02:04]} e5 {[%clk
01:16:08]} {[%emt 00:02:14]} 22. dxe5 {[%clk 01:19:06]} {[%emt 00:00:49]} Bxe5
{[%clk 01:15:32]} {[%emt 00:01:05]} 23. Bxe5 {[%clk 01:18:44]} {[%emt
00:00:51]} Rxe5 {[%clk 01:14:49]} {[%emt 00:01:15]} 24. Ng6 {[%clk 01:18:31]}
{[%emt 00:00:43]} Re3 {[%clk 01:14:39]} {[%emt 00:00:41]} 25. Kf2 {[%clk
01:18:24]} {[%emt 00:00:37]} Re8 {[%clk 01:13:35]} {[%emt 00:01:33]} 26. Rhe1
{[%clk 01:17:11]} {[%emt 00:01:44]} Nbd7 {[%clk 01:11:57]} {[%emt 00:02:08]}
27. Rxe8 {[%clk 01:16:08]} {[%emt 00:01:33]} Rxe8 {[%clk 01:09:21]} {[%emt
00:03:06]} 28. Re1 {[%clk 01:16:14]} {[%emt 00:00:23]} Rxe1 {[%clk 00:59:09]}
{[%emt 00:12:15]} 29. Kxe1 {[%clk 01:16:34]} {[%emt 00:00:10]} Ne8 {[%clk
00:58:55]} {[%emt 00:00:44]} 30. Kd2 {[%clk 01:15:54]} {[%emt 00:01:10]} Nd6
{[%clk 00:58:42]} {[%emt 00:00:43]} 31. b3 {[%clk 01:15:04]} {[%emt 00:01:20]}
Kf6 {[%clk 00:58:33]} {[%emt 00:00:40]} 32. Ke3 {[%clk 01:15:08]} {[%emt
00:00:26]} 1/2-1/2